00778nam a2200289Ia 4500001000700000003000500007008004100012010001100053040000900064082001100073100002900084245008300113260003600196300001100232440000500243500000500248503000500253650002300258650005100281901001100332902000600343910000900349942000600358942000700364999001900371952009800390Z_4004CHAP220113s1983 xx 000 0 und d a167064 cCHAP a574 R8 aRussek, Mauricio9100945 aRegulación y control en biología /cpor Mauricio Russek y Michel Cabanac aMéxico, D.F. :bCECSA,c1983 a148 p. a a a aBiología 912773 aFisiología animal I. Cabanac, Michel9141249 a574 R8 aA a1983 c1 cc1 c167064d167064 00102ddc40708GRALaZbZc3d2005-11-09pz_0228r2022-01-18 00:00:00t1w2022-01-18yLIBRO